| 000 | 00575nam a2200217 a 4500 | ||
|---|---|---|---|
| 999 |
_c5286 _d5286 |
||
| 001 | 5286 | ||
| 003 | BD-JhCC | ||
| 005 | 20171212093940.0 | ||
| 008 | 171212s1968 p |||| || | 001 0 eng d | ||
| 035 | _a(BD-JhCC)5286 | ||
| 040 |
_aBD-JhCC _dBD-JhCC |
||
| 041 | _aeng | ||
| 082 |
_a332.7095492 _bSHA 1968 |
||
| 100 | _aShahjahan, Mirza | ||
| 245 |
_aAgriculture Finance in East Pakistan / _cMirza Shahjahan, |
||
| 260 |
_aDacca : _bAsiatic Press, _c1968. |
||
| 300 |
_a248 p. : _c24 cm. |
||
| 650 |
_aAgriculture _xEconomics Aspects |
||
| 942 |
_2ddc _cBK |
||